[Event "BRA-ch U20"]
[Site "Icara"]
[Date "2016.06.25"]
[Round "5"]
[White "Wieth, Kelvin Eduardo"]
[Black "Almeida Junior, Alvaro Alves de"]
[Result "1-0"]
[WhiteElo "2018"]
[BlackElo "1977"]
[PlyCount "49"]
[EventDate "2016.06.23"]
[EventType "swiss"]
[EventRounds "7"]
[EventCountry "BRA"]
[SourceTitle "EXT 2017"]
[Source "ChessBase"]
[SourceDate "2016.10.25"]
[SourceVersion "1"]
[SourceVersionDate "2016.10.25"]
[SourceQuality "1"]

1. e4 c5 2. Nf3 d6 3. d4 cxd4 4. Nxd4 Nf6 5. Nc3 a6 6. Bg5 e6 7. f4 Be7 8. Qe2 Nbd7 9. 0-0-0 b5 10. Nc6 Qc7 11. Nxe7 Kxe7 12. e5 dxe5 13. fxe5 Nxe5 14. Kb1 Bb7 15. Bf4 Nfd7 16. Rxd7+ Qxd7 17. Qxe5 f6 18. Qc5+ Kf7 19. Bd3 Bxg2 20. Rg1 Qc6 21. Qh5+ g6 22. Qg4 b4 23. Rxg2 bxc3 24. Bxg6+ Ke7 25. Be4 1-0

[Event "Florianopolis op 2nd"]
[Site "Florianopolis"]
[Date "2016.01.17"]
[Round "2"]
[White "Wieth, Kelvin Eduardo"]
[Black "Umetsubo, Cesar Hidemitsu"]
[Result "0-1"]
[WhiteElo "1979"]
[BlackElo "2370"]
[PlyCount "152"]
[EventDate "2016.01.16"]
[EventType "swiss"]
[EventRounds "10"]
[EventCountry "BRA"]
[SourceTitle "CBM 170 Extra"]
[Source "ChessBase"]
[SourceDate "2016.02.25"]
[SourceVersion "1"]
[SourceVersionDate "2016.02.25"]
[SourceQuality "1"]

1. e4 c5 2. Nf3 a6 3. c4 e6 4. Be2 Qc7 5. 0-0 b6 6. Nc3 Bb7 7. d4 cxd4 8. Nxd4 Nf6 9. f3 Bd6 10. Kh1 Be7 11. Be3 d6 12. Rc1 Nbd7 13. Qd2 0-0 14. Rfd1 Rac8 15. Bf1 Rfd8 16. Qf2 Ba8 17. b4 Qb8 18. Nb3 Re8 19. Na4 Bd8 20. Qg3 Bc7 21. Bh6 g6 22. Qh4 Bd8 23. Bg5 Nh5 24. Bxd8 Rexd8 25. Qf2 Nhf6 26. Qd4 Ne8 27. Na1 Rc7 28. c5 b5 29. Nb2 Rdc8 30. Nb3 e5 31. Qe3 dxc5 32. Nxc5 Nxc5 33. Rxc5 Rxc5 34. bxc5 Qc7 35. Nd3 Rd8 36. Be2 Rd4 37. Qg5 f6 38. Qc1 Ng7 39. Qa3 Bb7 40. Qb3+ Qf7 41. Kg1 Ne6 42. Kf2 Bc8 43. Qc3 Rc4 44. Qa5 Rc2 45. Rd2 Rxd2 46. Qxd2 Qd7 47. Qc3 Qd4+ 48. Qxd4 Nxd4 49. Nb4 Kf7 50. Bd1 a5 51. Nd5 Be6 52. Be2 f5 53. c6 Nxc6 54. Bxb5 Bxd5 55. exd5 Nd4 56. Bc4 Ke7 57. Ke3 Kd6 58. Kd3 Kc5 59. a3 Nb5 60. a4 Nd6 61. Bb3 Kb4 62. Bd1 h6 63. f4 exf4 64. Kd4 g5 65. Ke5 Kc5 66. Be2 g4 67. Bd3 f3 68. gxf3 gxf3 69. Kf4 f2 70. Ke5 Nc4+ 71. Ke6 f4 72. Bf1 f3 73. Bd3 Nb2 74. Bf1 Nxa4 75. d6 Kc6 76. Ke7 Nc5 0-1

[Event "Matinhos Caioba-ch"]
[Site "Matinhos"]
[Date "2015.08.29"]
[Round "4"]
[White "Van Riemsdijk, Dirk Dagobert"]
[Black "Wieth, Kelvin Eduardo"]
[Result "0-1"]
[WhiteElo "2037"]
[BlackElo "1870"]
[PlyCount "104"]
[EventDate "2015.08.28"]
[EventType "swiss"]
[EventRounds "6"]
[EventCountry "BRA"]
[SourceTitle "EXT 2016"]
[Source "ChessBase"]
[SourceDate "2015.10.08"]
[SourceVersion "1"]
[SourceVersionDate "2015.10.08"]
[SourceQuality "1"]

1. e4 c5 2. Nf3 d6 3. d4 Nf6 4. Nc3 cxd4 5. Nxd4 a6 6. Bc4 e6 7. 0-0 b5 8. Bb3 b4 9. Na4 Nxe4 10. Re1 Nf6 11. Qf3 d5 12. Bf4 Be7 13. Rad1 Bb7 14. Rxe6 fxe6 15. Nxe6 Qd7 16. Nc7+ Kf7 17. Nb6 Qg4 18. Qxg4 Nxg4 19. Ncxa8 Bc5 20. Bg3 Kg6 21. Na4 Ba7 22. Nc7 d4 23. Ne6 Re8 24. h3 Nf6 25. Nac5 Bc8 26. Nf4+ Kh6 27. Ncd3 Nc6 28. Nd5 a5 29. Bf4+ Kg6 30. g4 Bd7 31. Nxf6 gxf6 32. Kg2 f5 33. Bd5 fxg4 34. hxg4 Bb8 35. Bxb8 Nxb8 36. Kg3 Nc6 37. Nc5 Re5 38. Be4+ Kg7 39. Nxd7 Rxe4 40. Rd2 Re1 41. Kf4 Ra1 42. Ke4 Rxa2 43. Kd5 Ne7+ 44. Ke6 Ng6 45. Rxd4 Rxb2 46. Nf6 Nf8+ 47. Kf5 Rxc2 48. Nh5+ Kh6 49. Rd6+ Ng6 50. Nf6 Rxf2+ 51. Ke6 Re2+ 52. Kf5 Re5# 0-1

[Event "Matinhos Caioba-ch"]
[Site "Matinhos"]
[Date "2015.08.28"]
[Round "2"]
[White "Pasqualotto, Amos Petronio"]
[Black "Wieth, Kelvin Eduardo"]
[Result "0-1"]
[WhiteElo "1401"]
[BlackElo "1870"]
[PlyCount "62"]
[EventDate "2015.08.28"]
[EventType "swiss"]
[EventRounds "6"]
[EventCountry "BRA"]
[SourceTitle "EXT 2016"]
[Source "ChessBase"]
[SourceDate "2015.10.08"]
[SourceVersion "1"]
[SourceVersionDate "2015.10.08"]
[SourceQuality "1"]

1. e4 c5 2. Nf3 e6 3. Bc4 a6 4. 0-0 b5 5. Be2 Bb7 6. d3 Nc6 7. a4 b4 8. c3 d5 9. Bg5 Be7 10. Bf4 Nf6 11. e5 Nh5 12. Qd2 Nxf4 13. Qxf4 g5 14. Qe3 h5 15. d4 c4 16. Ne1 Qd7 17. f4 g4 18. Qf2 Na5 19. Nd2 b3 20. f5 Bg5 21. fxe6 fxe6 22. Bd1 0-0-0 23. g3 Rhf8 24. Qe2 Bc6 25. Ng2 Qh7 26. Nf4 Qh6 27. Qg2 Bxf4 28. gxf4 Rxf4 29. Rf2 Rdf8 30. Rxf4 Qxf4 31. Qf1 Qe3+ 0-1

[Event "Matinhos Caioba-ch"]
[Site "Matinhos"]
[Date "2015.08.28"]
[Round "1"]
[White "Wieth, Kelvin Eduardo"]
[Black "Sega, Carlos Alberto"]
[Result "1/2-1/2"]
[WhiteElo "1870"]
[BlackElo "2250"]
[PlyCount "80"]
[EventDate "2015.08.28"]
[EventType "swiss"]
[EventRounds "6"]
[EventCountry "BRA"]
[SourceTitle "EXT 2016"]
[Source "ChessBase"]
[SourceDate "2015.10.08"]
[SourceVersion "1"]
[SourceVersionDate "2015.10.08"]
[SourceQuality "1"]

1. e4 e5 2. Nf3 Nc6 3. Bc4 Nf6 4. Qe2 Be7 5. d4 d6 6. d5 Nb8 7. Nc3 a6 8. a4 Nbd7 9. h3 Nf8 10. Be3 Ng6 11. g3 Bd7 12. a5 0-0 13. 0-0-0 c5 14. dxc6 bxc6 15. Bb6 Qc8 16. Nh4 Nxh4 17. gxh4 Be6 18. Rhg1 Bxc4 19. Qxc4 Qxh3 20. Rg3 Qd7 21. Qe2 Kh8 22. Na4 Qe6 23. h5 Rg8 24. Kb1 h6 25. Rc3 d5 26. exd5 Nxd5 27. Rb3 Nf4 28. Qf3 Qf5 29. Be3 Bg5 30. Nb6 e4 31. Qh1 Rad8 32. Rb4 Qxa5 33. Rxd8 Qxb4 34. Rxg8+ Kxg8 35. Bxf4 Bxf4 36. Qh3 Qe1+ 37. Ka2 Qa5+ 38. Kb1 Qe1+ 39. Ka2 Qa5+ 40. Kb1 Qe1+ 1/2-1/2

[Event "Matinhos Caioba op"]
[Site "Matinhos"]
[Date "2015.08.16"]
[Round "6"]
[White "Wieth, Kelvin Eduardo"]
[Black "Calcado, Acyr Rogerio"]
[Result "1-0"]
[WhiteElo "1870"]
[BlackElo "2138"]
[PlyCount "62"]
[EventDate "2015.08.14"]
[EventType "swiss"]
[EventRounds "6"]
[EventCountry "BRA"]
[SourceTitle "EXT 2016"]
[Source "ChessBase"]
[SourceDate "2015.10.08"]
[SourceVersion "1"]
[SourceVersionDate "2015.10.08"]
[SourceQuality "1"]

1. e4 e5 2. Nf3 Nc6 3. Bc4 Nf6 4. Qe2 Be7 5. d4 d6 6. dxe5 dxe5 7. Be3 0-0 8. Nbd2 Bg4 9. 0-0-0 a6 10. h3 Bd7 11. g4 Bd6 12. g5 Ne8 13. h4 Be6 14. h5 b5 15. Bd5 Qd7 16. g6 h6 17. Bxh6 gxh6 18. Qe3 f6 19. Qxh6 Bxd5 20. exd5 Nd4 21. g7 Nxg7 22. Nxd4 exd4 23. Rdg1 Rf7 24. Qg6 Re8 25. h6 Bf4 26. hxg7 Rxg7 27. Qh5 Bg5 28. f4 Rh7 29. Qxh7+ Qxh7 30. Rxh7 Kxh7 31. fxg5 fxg5 1-0

[Event "Matinhos Caioba op"]
[Site "Matinhos"]
[Date "2015.08.15"]
[Round "4"]
[White "Wieth, Kelvin Eduardo"]
[Black "Bispo, Leonardo"]
[Result "0-1"]
[WhiteElo "1870"]
[BlackElo "2196"]
[PlyCount "58"]
[EventDate "2015.08.14"]
[EventType "swiss"]
[EventRounds "6"]
[EventCountry "BRA"]
[SourceTitle "EXT 2016"]
[Source "ChessBase"]
[SourceDate "2015.10.08"]
[SourceVersion "1"]
[SourceVersionDate "2015.10.08"]
[SourceQuality "1"]

1. e4 e5 2. Bc4 Nf6 3. Qe2 Nc6 4. Nf3 Bc5 5. d3 d6 6. Be3 Bb6 7. Nbd2 Bg4 8. h3 Bh5 9. g4 Bg6 10. 0-0-0 Bxe3 11. Qxe3 0-0 12. Rhg1 d5 13. Bb3 a5 14. a4 Qd7 15. Nh2 Nd4 16. h4 Nxb3+ 17. Nxb3 h5 18. d4 Rfe8 19. dxe5 Rxe5 20. Nc5 Qc6 21. Qd4 Rae8 22. f4 Rxe4 23. Nxe4 Rxe4 24. f5 Rxd4 25. Rxd4 Bh7 26. Re1 hxg4 27. Nxg4 Nxg4 28. Rxd5 Bxf5 29. Rxf5 Qxa4 0-1

[Event "Santa Catarina State-ch sf1 61st"]
[Site "Sao Bento do Sul"]
[Date "2015.03.08"]
[Round "5"]
[White "Wieth, Kelvin Eduardo"]
[Black "Zimmermann, Kleber Renato P"]
[Result "1-0"]
[WhiteElo "1884"]
[BlackElo "1946"]
[PlyCount "103"]
[EventDate "2015.03.06"]
[EventType "swiss"]
[EventRounds "6"]
[EventCountry "BRA"]
[SourceTitle "EXT 2016"]
[Source "ChessBase"]
[SourceDate "2015.10.08"]
[SourceVersion "1"]
[SourceVersionDate "2015.10.08"]
[SourceQuality "1"]

1. e4 c5 2. Nf3 d6 3. d4 cxd4 4. Nxd4 Nf6 5. Nc3 a6 6. h3 e5 7. Nde2 Be6 8. g4 h6 9. Bg2 Be7 10. Be3 Nc6 11. 0-0 Na5 12. Nd5 Bxd5 13. exd5 Nc4 14. Bc1 b5 15. a4 0-0 16. Ng3 Re8 17. b3 Nb6 18. axb5 axb5 19. Rxa8 Qxa8 20. Nf5 Bf8 21. Ne3 e4 22. c4 bxc4 23. bxc4 Qa2 24. Qd4 Nbd7 25. Bd2 Nc5 26. Ra1 Nb3 27. Rxa2 Nxd4 28. Bc3 Nf3+ 29. Bxf3 exf3 30. Bxf6 gxf6 31. Kh2 h5 32. Kg3 hxg4 33. hxg4 Rc8 34. Kxf3 Kh7 35. Ra6 Kg6 36. Rc6 Rd8 37. Nf5 Kg5 38. Rc7 Kg6 39. Ke3 Re8+ 40. Kd3 Rd8 41. f4 Ra8 42. Rd7 Ra3+ 43. Kd4 Ra6 44. Nh4+ Kg7 45. Rd8 Kg8 46. Nf5 Rb6 47. Ra8 Rb7 48. Nxd6 Rb1 49. c5 Rd1+ 50. Kc4 Rf1 51. c6 Rxf4+ 52. Kc5 1-0

[Event "Itajai JASC Cup 54th"]
[Site "Itajai"]
[Date "2014.11.17"]
[Round "2.4"]
[White "Wieth, Kelvin Eduardo"]
[Black "Costa, Paulo Cesar"]
[Result "1/2-1/2"]
[WhiteElo "1884"]
[BlackElo "2007"]
[PlyCount "86"]
[EventDate "2014.11.16"]
[EventType "team-swiss"]
[EventRounds "7"]
[EventCountry "BRA"]
[SourceTitle "EXT 2016"]
[Source "ChessBase"]
[SourceDate "2015.10.08"]
[SourceVersion "1"]
[SourceVersionDate "2015.10.08"]
[SourceQuality "1"]
[WhiteTeam "Bom Retiro"]
[BlackTeam "Icara"]
[WhiteTeamCountry "BRA"]
[BlackTeamCountry "BRA"]

1. Nf3 d5 2. g3 Nf6 3. Bg2 c6 4. 0-0 Bg4 5. d4 Nbd7 6. b3 e6 7. Bb2 Be7 8. Nbd2 0-0 9. Rc1 Re8 10. c4 Bf8 11. Re1 Bb4 12. a3 Bd6 13. Ne5 Bh5 14. b4 Rc8 15. Qb3 Bb8 16. e4 dxe4 17. Nxe4 Nxe4 18. Bxe4 Nxe5 19. dxe5 Bg6 20. Bxg6 hxg6 21. Qe3 Qc7 22. Bd4 b6 23. h4 Red8 24. Kg2 c5 25. bxc5 bxc5 26. Ba1 Qc6+ 27. f3 Rd7 28. h5 gxh5 29. Rh1 Rcd8 30. Bc3 Rd3 31. Qf4 f6 32. Rxh5 Bxe5 33. Bxe5 fxe5 34. Rxe5 Rxf3 35. Qe4 Qxe4 36. Rxe4 Rxa3 37. Rxe6 Rdd3 38. Re8+ Kf7 39. Re5 Rxg3+ 40. Kf2 Rgf3+ 41. Kg2 Rg3+ 42. Kf2 Rgf3+ 43. Kg2 Rg3+ 1/2-1/2

[Event "Catarinense-ch"]
[Site "Itajai"]
[Date "2014.01.??"]
[Round "3"]
[White "Wieth, Kelvin Eduardo"]
[Black "Dos Santos, Haroldo Cunha Jr"]
[Result "0-1"]
[WhiteElo "1876"]
[BlackElo "2216"]
[PlyCount "108"]
[EventDate "2014.01.30"]
[EventType "swiss"]
[EventRounds "7"]
[EventCountry "BRA"]
[SourceTitle "EXT 2022"]
[Source "ChessBase"]
[SourceDate "2021.10.06"]
[SourceVersion "1"]
[SourceVersionDate "2021.10.06"]
[SourceQuality "1"]

1. e4 e5 2. Bc4 Nf6 3. Qe2 Nc6 4. Nf3 Bc5 5. d3 d6 6. 0-0 Bg4 7. Be3 Nd4 8. Bxd4 Bxd4 9. c3 Bb6 10. Na3 0-0 11. Nc2 Nh5 12. Ne3 Nf4 13. Qd1 Be6 14. d4 Qf6 15. Kh1 Bxc4 16. Nxc4 exd4 17. cxd4 Qg6 18. g3 Ne6 19. Nxb6 axb6 20. Qd3 d5 21. Rfe1 Rfd8 22. Re3 dxe4 23. Qxe4 Qxe4 24. Rxe4 Ra4 25. b3 Ra3 26. Re2 h6 27. Rd1 Rd5 28. Rdd2 Ra8 29. Re5 Rad8 30. Rxd5 Rxd5 31. Kg2 g5 32. h3 f6 33. Kf1 h5 34. Ne1 c5 35. Rd3 cxd4 36. Nc2 Kf7 37. Ke2 Ke7 38. Kf3 Kd6 39. Rd2 Kc5 40. Ke4 f5+ 41. Kd3 b5 42. Re2 Kd6 43. Nb4 Rc5 44. Rxe6+ Kxe6 45. Kxd4 Rc1 46. Nd3 Rh1 47. Nc5+ Kf6 48. Nxb7 Rxh3 49. Nd6 h4 50. gxh4 gxh4 51. Nxb5 Rf3 52. Nc7 h3 53. Nd5+ Kg5 54. Ne3 h2 0-1

[Event "Blumenau Taca Santa Catarina op"]
[Site "Blumenau"]
[Date "2013.11.15"]
[Round "3.10"]
[White "Hille, Willian Henrique"]
[Black "Wieth, Kelvin Eduardo"]
[Result "1-0"]
[WhiteElo "1753"]
[BlackElo "1894"]
[PlyCount "27"]
[EventDate "2013.11.14"]
[EventType "swiss"]
[EventRounds "7"]
[EventCountry "BRA"]
[SourceTitle "EXT 2022"]
[Source "ChessBase"]
[SourceDate "2021.10.06"]
[SourceVersion "1"]
[SourceVersionDate "2021.10.06"]
[SourceQuality "1"]

1. d4 e6 2. Nf3 d5 3. c4 Nf6 4. e3 c5 5. Nc3 Nc6 6. Nxd5 exd5 7. Ne5 a6 8. Be2 Nxd4 9. exd4 Bd6 10. Be3 0-0 11. a3 Bf5 12. h3 Re8 13. Bd3 Bg6 14. Bxg6 1-0

[Event "Forquilhinha op"]
[Site "Forquilhinha"]
[Date "2013.10.11"]
[Round "2"]
[White "Wieth, Kelvin Eduardo"]
[Black "Cunha, Lucas Aguiar"]
[Result "1/2-1/2"]
[WhiteElo "1887"]
[BlackElo "2286"]
[PlyCount "134"]
[EventDate "2013.10.10"]
[EventType "swiss"]
[EventRounds "7"]
[EventCountry "BRA"]
[SourceTitle "EXT 2014"]
[Source "ChessBase"]
[SourceDate "2013.11.20"]
[SourceVersion "1"]
[SourceVersionDate "2013.11.20"]
[SourceQuality "1"]

1. e4 c5 2. Nf3 Nc6 3. d4 cxd4 4. Nxd4 e6 5. Rg1 Nf6 6. Nc3 Qc7 7. g4 d5 8. Ndb5 Qa5 9. Bf4 e5 10. Bd2 Qd8 11. exd5 Nd4 12. Bg5 Qb6 13. Be3 Bc5 14. Na4 Qa5+ 15. Bd2 Qxa4 16. b3 Bxg4 17. Rxg4 Nf3+ 18. Qxf3 Qxg4 19. Nc7+ Ke7 20. d6+ Bxd6 21. Nd5+ Kf8 22. Qxg4 Nxg4 23. h3 Nf6 24. Nxf6 gxf6 25. Bd3 Rc8 26. Ke2 h5 27. Rg1 Ke7 28. Be4 Ke6 29. c4 b6 30. Bd5+ Ke7 31. Rg7 Rcf8 32. Kf3 Bc5 33. Bc1 a5 34. a4 h4 35. Bd2 Bd4 36. Bc1 f5 37. Bg5+ Kd6 38. Rxf7 e4+ 39. Ke2 Rxf7 40. Bxf7 Rf8 41. Bd5 Ke5 42. f4+ exf3+ 43. Kxf3 f4 44. Bxh4 Bc5 45. Bg5 Kd4 46. Bh6 Re8 47. Kxf4 Kc3 48. Bg7+ Kxb3 49. h4 Re2 50. Bc6 Rh2 51. Kg3 Bd6+ 52. Kg4 Kxc4 53. Bf6 Kc5 54. Bb5 Rg2+ 55. Kf5 Kd5 56. h5 Rf2+ 57. Kg6 Be5 58. Bd8 Rg2+ 59. Kf5 Bd4 60. h6 Rf2+ 61. Kg6 Ke6 62. Bc4+ Kd7 63. Bg5 Ke8 64. h7 Rg2 65. Kf5 Rh2 66. Kg6 Rg2 67. Kf5 Rh2 1/2-1/2

[Event "Catarinense-ch 59th"]
[Site "Joinville"]
[Date "2013.09.22"]
[Round "7"]
[White "Wieth, Kelvin Eduardo"]
[Black "Hille, Willian Henrique"]
[Result "1-0"]
[WhiteElo "1952"]
[BlackElo "1750"]
[PlyCount "91"]
[EventDate "2013.09.19"]
[EventType "swiss"]
[EventRounds "7"]
[EventCountry "BRA"]
[SourceTitle "CBM 156 Extra"]
[Source "ChessBase"]
[SourceDate "2013.10.22"]
[SourceVersion "1"]
[SourceVersionDate "2013.10.22"]
[SourceQuality "1"]

1. e4 c5 2. Nf3 e6 3. d4 cxd4 4. Nxd4 a6 5. Bd3 Nc6 6. Nb3 Qc7 7. 0-0 d6 8. Nc3 Nf6 9. Be3 b5 10. f4 Bb7 11. a3 Ne7 12. Bxb5+ Bc6 13. Bxc6+ Qxc6 14. Qd3 d5 15. e5 Ng4 16. Bc5 Nf5 17. Bf2 h5 18. Ne2 h4 19. Ned4 Nxd4 20. Nxd4 Qb7 21. b4 Be7 22. h3 Nxf2 23. Rxf2 Bd8 24. f5 exf5 25. Nxf5 Kf8 26. Nd6 Qe7 27. Rxf7+ Qxf7 28. Nxf7 Kxf7 29. Qxd5+ Kg6 30. Qe6+ Kh7 31. Rf1 Re8 32. Qf5+ Kh6 33. Rf4 g6 34. Qe4 Rc8 35. c4 Rc7 36. Qd5 Bg5 37. Re4 Rd8 38. Qe6 Rd1+ 39. Kh2 Rf1 40. c5 Bf4+ 41. Rxf4 Rxf4 42. Qxa6 Rd7 43. e6 Rd2 44. e7 Re4 45. Qf6 Ree2 46. Qf4+ 1-0